000 00374nam a2200145 i 4500
001 bg
100 1 _aIrodov, Igo~7r Evge~7nevič
_d(1923-2002).
245 _aSbornik zadać po atomnoj i jadernoj fizike /
_cJ.E. Irodow.
250 _aWyd.5 popr.
260 _aMoskva,
_c1971.
040 _cBPK
041 _apol
942 _cKS
008 s pl f |000 0 pol
999 _c9197
_d9197
856 _uhttp://koha.tu.koszalin.pl/cgi-bin/koha/opac-detail.pl?biblionumber=9197
_yKatalog online BPK